|
|
|
|
| LEADER |
02337cam a2200577 4500 |
| 001 |
nkc20041325949 |
| 003 |
CZ PrNK |
| 005 |
20091023105110.0 |
| 007 |
ta |
| 008 |
040604s2004 xr c e 001 0dcze d |
| 015 |
|
|
|a cnb001325949
|
| 020 |
|
|
|a 80-86031-52-7
|q (váz.)
|
| 035 |
|
|
|a (OCoLC)455839360
|
| 040 |
|
|
|a ULG001
|b cze
|d ABA001
|
| 043 |
|
|
|a e-cs---
|a e-xr---
|
| 045 |
|
|
|a x-y-
|
| 072 |
|
7 |
|a 796
|x Sport. Hry. Tělesná cvičení
|2 Konspekt
|9 20
|
| 072 |
|
7 |
|a 929
|x Biografie
|2 Konspekt
|9 8
|
| 080 |
|
|
|a 796.332
|2 MRF
|
| 080 |
|
|
|a 929
|2 MRF
|
| 080 |
|
|
|a 796.332.056.222
|2 MRF
|
| 080 |
|
|
|a 796.332.093.42
|2 MRF
|
| 080 |
|
|
|a (437)
|2 MRF
|
| 080 |
|
|
|a (437.3)
|2 MRF
|
| 080 |
|
|
|a (0:82-94)
|2 MRF
|
| 100 |
1 |
|
|a Pešta, Jaroslav
|7 xx0023289
|4 aut
|
| 245 |
1 |
0 |
|a Od Pláničky k Čechovi :
|b medailonky fotbalových brankářů, kteří oblékli reprezentační dres /
|c Jaroslav Pešta ; [fotografie Karel Novák]
|
| 250 |
|
|
|a Vyd. 1.
|
| 260 |
|
|
|a Praha :
|b Radix,
|c 2004
|
| 300 |
|
|
|a 108 s. :
|b portréty (některé barev.) ;
|c 31 cm
|
| 504 |
|
|
|a Obsahuje bibliografii a rejstřík
|
| 648 |
|
7 |
|a 20.-21. století
|7 ch462155
|2 czenas
|
| 650 |
0 |
7 |
|a fotbal
|7 ph114578
|z Československo
|2 czenas
|
| 650 |
0 |
7 |
|a fotbaloví brankáři
|7 ph114581
|z Československo
|2 czenas
|
| 650 |
0 |
7 |
|a fotbalové zápasy
|7 ph174194
|z Československo
|2 czenas
|
| 650 |
0 |
7 |
|a fotbal
|7 ph114578
|z Česko
|y 20.-21. století
|2 czenas
|
| 650 |
0 |
7 |
|a fotbaloví brankáři
|7 ph114581
|z Česko
|y 20.-21. století
|2 czenas
|
| 650 |
0 |
7 |
|a fotbalové zápasy
|7 ph174194
|z Česko
|y 20.-21. století
|2 czenas
|
| 650 |
0 |
9 |
|a soccer
|z Czechoslovakia
|2 eczenas
|
| 650 |
0 |
9 |
|a soccer goalkeepers
|z Czechoslovakia
|2 eczenas
|
| 650 |
0 |
9 |
|a soccer matches
|z Czechoslovakia
|2 eczenas
|
| 650 |
0 |
9 |
|a soccer
|z Czechia
|y 20th-21st centuries
|2 eczenas
|
| 650 |
0 |
9 |
|a soccer goalkeepers
|z Czechia
|y 20th-21st centuries
|2 eczenas
|
| 650 |
0 |
9 |
|a soccer matches
|z Czechia
|y 20th-21st centuries
|2 eczenas
|
| 655 |
|
7 |
|a medailony
|7 fd185951
|2 czenas
|
| 655 |
|
9 |
|a biographical portraits
|2 eczenas
|
| 856 |
4 |
1 |
|u http://www.digitalniknihovna.cz/mzk/uuid/uuid:0288d400-a1cf-11e2-9a08-005056827e52
|y Digitalizovaný dokument
|x NDK
|
| 910 |
2 |
|
|a BOA001
|b 4-1198.216
|
| 990 |
|
|
|a BK
|
| 995 |
|
|
|a 01
|
| 996 |
6 |
|
|b 2610333071
|c 4-1198.216
|l MZK
|r Sklad / do 1 hodiny
|n 0
|p p.v.
|w 000886164
|u 000010
|a 1
|e BOA001
|j MZK50
|s P
|